| 000 | 00430nam a22001697a 4500 | ||
|---|---|---|---|
| 003 | NUST - PNEC | ||
| 005 | 20170116181153.0 | ||
| 008 | 160105b xxu||||| |||| 00| 0 eng d | ||
| 020 | _a- | ||
| 040 | _cLIBRARY | ||
| 082 | _a954.91422 SAL | ||
| 100 |
_915651 _aSalik, Sadiq |
||
| 245 |
_aMain nay Dhaka doobte dekha _cSadiq Salik |
||
| 260 |
_aLahore: _cc2001. |
||
| 650 |
_915652 _aHistory, Dhakha _xGeneral |
||
| 942 |
_2ddc _cBK |
||
| 999 |
_c71068 _d71068 |
||